|
|
|
|
| LEADER |
01082cam a2200301 a 4500 |
| 001 |
c000392328 |
| 003 |
CARM |
| 005 |
20121120142236.0 |
| 008 |
121120s1979 ilua b 001 0 eng d |
| 010 |
|
|
|a 79008571
|
| 019 |
1 |
|
|a 24599908
|z 1770107
|5 LACONCORD2021
|
| 035 |
|
|
|a (OCoLC)6076438
|5 LACONCORD2021
|
| 040 |
|
|
|a LC
|b eng
|c LC
|d LC
|
| 050 |
0 |
0 |
|a QD305.A2
|b F25
|
| 082 |
0 |
0 |
|a 547.77
|2 19
|
| 245 |
0 |
0 |
|a Fatty acids /
|c edited by Everett H. Pryde.
|
| 260 |
|
|
|a Champaign, Ill. :
|b American Oil Chemists' Society,
|c c1979.
|
| 300 |
|
|
|a viii, 644 p. :
|b ill. ;
|c 24 cm.
|
| 490 |
1 |
|
|a AOCS monograph ;
|v 7
|
| 504 |
|
|
|a Includes bibliographical references and index.
|
| 650 |
|
0 |
|a Fatty acids.
|
| 700 |
1 |
|
|a Pryde, Everett H.
|
| 852 |
8 |
|
|b CARM
|p 0589374
|f BK
|
| 852 |
8 |
|
|b SCAN
|h A3:AG27F0
|i C12847
|p 0589374
|f BK
|
| 830 |
|
0 |
|a AOCS monograph ;
|v 7
|
| 999 |
f |
f |
|i c4750a64-5c29-5c34-8310-5ca4b31dcf04
|s 0eaa1793-a6da-52c7-9d15-aeebf3813855
|
| 952 |
f |
f |
|p Can circulate
|a CAVAL
|b CAVAL
|c CAVAL
|d CARM 1 Store
|i book
|m 0589374
|
| 952 |
f |
f |
|a CAVAL
|b CAVAL
|c CAVAL
|d Unmapped Location
|e C12847
|f A3:AG27F0
|h Other scheme
|